Philosophical Perspective of Education/ (Record no. 199751)

MARC details
000 -LEADER
fixed length control field 00773nam a22002297a 4500
005 - DATE AND TIME OF LATEST TRANSACTION
control field 20231221121357.0
010 ## - LCCN (DPL NO)
LC control number ENG-138685
020 ## - INTERNATIONAL STANDARD BOOK NUMBER
Terms of availability 795.00
International Standard Book Number 9789390897735
035 ## - SYSTEM CONTROL NUMBER
System control number EN-122217
037 ## - SOURCE OF ACQUISITION
Source of stock number/acquisition DBAD/PUB
082 ## - DEWEY DECIMAL CLASSIFICATION NUMBER
Classification number 370.1
Edition number 1
100 ## - MAIN ENTRY--PERSONAL NAME
Personal name Srinivas, V.
245 ## - TITLE STATEMENT
Title Philosophical Perspective of Education/
Remainder of title By V. Srinivas,[et.al]
250 ## - EDITION STATEMENT
Edition statement 1
260 ## - PUBLICATION, DISTRIBUTION, ETC. (IMPRINT)
Place of publication, distribution, etc New Delhi
Name of publisher, distributor, etc Neelkamal Publications
Date of publication, distribution, etc 2022
270 ## - ADDRESS
Address 4764/1, 23, Ansari Road, Daryaganj
City New Delhi
Postal code 110002
Telephone number 011-23244237
-- 98118-28953
Electronic mail address neelkamalbooks@gmail.com
300 ## - PHYSICAL DESCRIPTION
Extent 179p.
Dimensions 25cm(hbk)
700 ## - ADDED ENTRY--PERSONAL NAME
Personal name Srinivas,Kadem
Relator term Author
9 (RLIN) 60069
700 ## - ADDED ENTRY--PERSONAL NAME
Personal name Srivastava, Rashmi
Relator term Author
9 (RLIN) 60105
700 ## - ADDED ENTRY--PERSONAL NAME
Personal name Yugendar, N.
Relator term Author
9 (RLIN) 60106
942 ## - ADDED ENTRY ELEMENTS (KOHA)
Source of classification or shelving scheme Dewey Decimal Classification
Item type English Books
Classification part 370.1
Call number suffix SRI
Edition 1
Holdings
Withdrawn status Lost status Not for loan Collection code Home library Current library Date acquired Source of acquisition Cost, normal purchase price Full call number Barcode Copy number Cost, replacement price Koha item type
      Non-fiction Ashok Vihar Ashok Vihar 21/12/2023 DBAD 795.00 370.1 SRI EN-122217 1 795.00 English Books

© Delhi Public Library
Hit Counter
free hit counter